|
|
|
|
| LEADER |
00000nam0a2200000 4500 |
| 001 |
292616 |
| 005 |
20231102000520.0 |
| 035 |
|
|
|a (RuTPU)RU\TPU\book\317252
|
| 090 |
|
|
|a 292616
|
| 100 |
|
|
|a 20150423d1960 k y0rusy50 ca
|
| 101 |
1 |
|
|a rus
|c eng
|
| 102 |
|
|
|a RU
|
| 105 |
|
|
|a a z 001zy
|
| 200 |
1 |
|
|a Управление ядерными реакторами
|e пер. с фр.
|f М. Гози, Т. Кахан
|
| 210 |
|
|
|a Москва
|c Атомиздат
|d 1960
|
| 215 |
|
|
|a 175 с.
|c ил.
|
| 320 |
|
|
|a Библиогр.: с. 172.
|
| 606 |
1 |
|
|a Ядерные реакторы
|x Управление, теория
|2 stltpush
|3 (RuTPU)RU\TPU\subj\21692
|9 46646
|
| 610 |
1 |
|
|a электрическое поле
|
| 610 |
1 |
|
|a газ
|
| 610 |
1 |
|
|a ионизация
|
| 610 |
1 |
|
|a ионизационные камеры
|
| 610 |
1 |
|
|a счетчик Гейгера-Мюллера
|
| 610 |
1 |
|
|a сцинтилляционные счетчики
|
| 610 |
1 |
|
|a детекторы
|
| 610 |
1 |
|
|a мощность
|
| 610 |
1 |
|
|a измерение
|
| 610 |
1 |
|
|a задачи
|
| 610 |
1 |
|
|a аварийная защита
|
| 675 |
|
|
|a 621.039.515
|v 3
|
| 700 |
|
1 |
|a Гози
|b М.
|
| 701 |
|
1 |
|a Кахан
|b Т.
|
| 801 |
|
1 |
|a RU
|b 63413507
|c 20150423
|
| 801 |
|
2 |
|a RU
|b 63413507
|c 20170209
|g RCR
|
| 942 |
|
|
|c BK
|